00257 a2200109 4500001000700000020000600007040001100013100003300024240004300057245003800100362000900138168863 a  cMagnum aPansan, Maria Tereza Melhado10aPre-escola: despertar para a vidalpor10aPre-escola: despertar para a vida0 a1899